000 00238nam a2200109Ia 4500
008 190216s9999||||xx |||||||||||||| ||und||
100 _aShivani M
245 0 _aBook Keeping
260 _bBhasha Institute
650 _aCommerce
942 _cBK
999 _c5275
_d5275